Malaysian forestry and forest research products research: Proceedings of the conference October, 3-4, 1990 (Record no. 43647)

MARC details
000 -LEADER
fixed length control field 00375nam a2200121Ia 4500
082 ## - DEWEY DECIMAL CLASSIFICATION NUMBER
Classification number 630(595):061.3
Item number APP
245 #0 - TITLE STATEMENT
Title Malaysian forestry and forest research products research: Proceedings of the conference October, 3-4, 1990
260 ## - PUBLICATION, DISTRIBUTION, ETC. (IMPRINT)
Place of publication Malaysia
Name of publisher FRIM
Year of publication 1991
650 ## - SUBJECT ADDED ENTRY--TOPICAL TERM
Topical Term Genetic resources
700 ## - ADDED ENTRY--PERSONAL NAME
Personal name S
942 ## - ADDED ENTRY ELEMENTS (KOHA)
Koha item type Books
Holdings
Withdrawn status Lost status Damaged status Not for loan Home library Current library Date acquired Source of acquisition Full call number Accession Number Koha item type
        RRII Library RRII Library 16/12/2021 Gift 630(595):061.3 APP G00399 Books